Continuing Dilemma : Understanding Social Consciousness (Record no. 1294)

MARC details
000 -LEADER
fixed length control field 00402nam a2200157Ia 4500
003 - CONTROL NUMBER IDENTIFIER
control field OSt
005 - DATE AND TIME OF LATEST TRANSACTION
control field 20230927161539.0
008 - FIXED-LENGTH DATA ELEMENTS--GENERAL INFORMATION
fixed length control field 230219s9999 xx 000 0 und d
020 ## - INTERNATIONAL STANDARD BOOK NUMBER
International Standard Book Number 9788185229635
082 ## - DEWEY DECIMAL CLASSIFICATION NUMBER
Classification number 305
Item number CHAC
100 ## - MAIN ENTRY--PERSONAL NAME
Personal name CHANDRA, Sudhir
245 #0 - TITLE STATEMENT
Title Continuing Dilemma : Understanding Social Consciousness
260 ## - PUBLICATION, DISTRIBUTION, ETC.
Place of publication, distribution, etc. New Delhi
Name of publisher, distributor, etc. Tulika Books
Date of publication, distribution, etc. 2002
300 ## - PHYSICAL DESCRIPTION
Extent 321
942 ## - ADDED ENTRY ELEMENTS (KOHA)
Koha item type Book
Source of classification or shelving scheme Dewey Decimal Classification
Holdings
Withdrawn status Lost status Source of classification or shelving scheme Damaged status Not for loan Collection code Home library Current library Shelving location Date acquired Cost, normal purchase price Full call number Barcode Date last seen Price effective from Koha item type Public note
    Dewey Decimal Classification     Non-fiction RIC Library RIC Library General Stacks 02/19/2023 550.00 305 CHAC 000695 02/19/2023 02/19/2023 Book R-5.3

Venue

Rajasthan International Centre
Sansthan Path,JLN Marg, Jaipur- 302017
Phone: +91-7230904025